000 00347 a2200169 4500
001 58258
020 _a9788506006948
040 _cAnchieta - Pituba
100 _aAlencar, José de
240 1 0 _aIracema
_lpor
245 1 0 _aIracema
300 _a111
362 0 _a0
440 1 _aMelhoramentos
650 4 _aFicção brasileira
942 _cBK
999 _c58258
_d58258